Southville International School and Colleges
Your cart is empty.
  • Cart
  • Lists
    Public lists Eva Luna New books Lux_list list_1
    Your lists Log in to create your own lists
  • Log in to your account
  • Your cookies
  • Search history
Southville International School and Colleges
  • Advanced search
  • Recent comments
  • Most popular
  • Libraries

Log in to your account

Log in with GOOGLE


If you do not have an external account, but do have a local account, you can still log in:

  1. Home
  2. MARC view: A talent for war /
Normal view MARC view ISBD view

A talent for war / (Record no. 11868)

[ view plain ]
MARC details
000 -LEADER
fixed length control field 00882nam a22002893a 4500
001 - CONTROL NUMBER
control field 16412965
003 - CONTROL NUMBER IDENTIFIER
control field OSt
005 - DATE AND TIME OF LATEST TRANSACTION
control field 20140310182324.0
008 - FIXED-LENGTH DATA ELEMENTS--GENERAL INFORMATION
fixed length control field 890322s1989 nyu 000 1 eng d
010 ## - LIBRARY OF CONGRESS CONTROL NUMBER
LC control number 00515387
020 ## - INTERNATIONAL STANDARD BOOK NUMBER
International Standard Book Number 0441795536 :
Terms of availability $3.95 ($5.25 Can.)
035 ## - SYSTEM CONTROL NUMBER
System control number (OCoLC)ocm19413305
040 ## - CATALOGING SOURCE
Original cataloging agency SLC
Transcribing agency SLC
Modifying agency DLC
050 00 - LIBRARY OF CONGRESS CALL NUMBER
Classification number PS 3563
Item number .M478 1989
082 ## - DEWEY DECIMAL CLASSIFICATION NUMBER
Classification number FIC
Item number M14t 1989
100 1# - MAIN ENTRY--PERSONAL NAME
Personal name McDevitt, Jack.
9 (RLIN) 21223
245 12 - TITLE STATEMENT
Title A talent for war /
Statement of responsibility, etc Jack McDevitt.
260 ## - PUBLICATION, DISTRIBUTION, ETC. (IMPRINT)
Place of publication, distribution, etc New York :
Name of publisher, distributor, etc Ace Books,
Date of publication, distribution, etc 1989.
300 ## - PHYSICAL DESCRIPTION
Extent 310 p. :
Dimensions 18 cm.
650 ## - SUBJECT ADDED ENTRY--TOPICAL TERM
Topical term or geographic name as entry element Science fiction.
655 #7 - INDEX TERM--GENRE/FORM
Genre/form data or focus term Science fiction.
Source of term gsafd
9 (RLIN) 1889
710 2# - ADDED ENTRY--CORPORATE NAME
Corporate name or jurisdiction name as entry element Copyright Paperback Collection (Library of Congress)
Institution to which field applies DLC
9 (RLIN) 705
730 0# - ADDED ENTRY--UNIFORM TITLE
Uniform title Isaac Asimov's science fiction magazine.
9 (RLIN) 21224
906 ## - LOCAL DATA ELEMENT F, LDF (RLIN)
a 7
b cbc
c copycat
d 2
e ncip
f 20
g y-genrareb
942 ## - ADDED ENTRY ELEMENTS (KOHA)
Source of classification or shelving scheme Library of Congress Classification
Koha item type
Holdings
Withdrawn status Lost status Source of classification or shelving scheme Damaged status Home library Current library Shelving location Date acquired Total Checkouts Full call number Barcode Date last seen Copy number Price effective from Koha item type
    Library of Congress Classification   Luxembourg Library Luxembourg Library Fiction Section 09/21/2013   PS 3563 .M478 1989 5710 09/21/2013 1 09/21/2013 Books

A talent for war /

APA

McDevitt J., Copyright Paperback Collection (Library of Congress), . (1989). A talent for war. New York: Ace Books.

Chicago

McDevitt Jack, Copyright Paperback Collection (Library of Congress), . 1989. A talent for war. New York: Ace Books.

Harvard

McDevitt J., Copyright Paperback Collection (Library of Congress), . (1989). A talent for war. New York: Ace Books.

MLA

McDevitt Jack, Copyright Paperback Collection (Library of Congress), . A talent for war. New York: Ace Books. 1989.

  • Place hold
  • Print
  • Cite
  • Add to your cart (remove)
  • Save record
    BIBTEX Dublin Core MARCXML MARC (non-Unicode/MARC-8) MARC (Unicode/UTF-8) MARC (Unicode/UTF-8, Standard) MODS (XML) RIS
  • More searches
    Search for this title in:
    Other Libraries (WorldCat) Other Databases (Google Scholar) Online Stores (Bookfinder.com) Open Library (openlibrary.org)

Exporting to Dublin Core...

SOUTHVILLE LIBRARY

Southville International School and Colleges Library

1281 Tropical Ave. Cor. Luxembourg St., BF Homes International, Las Pinas City

Tel. No. 8256374 / 252358 Loc. 117/146

Powered by Koha